LEADER 00890nam a2200205 4500 001 000000367374 003 CaOOAMICUS 005 20260421150809.0 008 260421s1907 it a 000 u ita r 040 $aSeMil$bita 245 00$aAlla grande concittadina S. Angela Merici nel primo centenario della sua canonizzazione :$b1807-1907. 264 1$aBrescia :$bF.lli Geroldi,$c1907. 300 $a12 p. :$bill. ;$c35 cm 500 $aNumero unico 600 14$aMerici, Angela .$0(OLS)http://semarc/subject/887 850 $aSeMil 852 $aSeMil$W1$xVenegono$y1$m5D XI 28/12$j270636$B258081$CSeMilBibl$Z2$F258081 $8M 996 $6245$aAlla grande concittadina S. Angela Merici nel primo centenario della sua canonizzazione :$b1807-1907$9(OLS)http://semarc/title/459294 996 $6264$aBrescia :$bF.lli Geroldi$9(OLS)http://semarc/publisher/47257